[Event "FRA Top 16 Higher Pool U16"]
[Site "France"]
[Date "2022.06.04"]
[Round "1.2"]
[White "Bat, Bilguun"]
[Black "Porsoughyan, Erik"]
[Result "1-0"]
[WhiteElo "2193"]
[BlackElo "1865"]
[PlyCount "53"]
[EventDate "2022.06.04"]
[EventType "tourn"]
[EventRounds "4"]
[EventCountry "FRA"]
[SourceTitle "EXT 2023"]
[Source "ChessBase"]
[SourceDate "2022.10.05"]
[SourceVersion "1"]
[SourceVersionDate "2022.10.05"]
[SourceQuality "1"]

1. d4 e6 2. Nf3 d5 3. g3 Nf6 4. Bg2 c5 5. 0-0 cxd4 6. Nxd4 Nc6 7. c4 e5 8. Nxc6 bxc6 9. Bg5 Be6 10. Qa4 Bd7 11. Rd1 e4 12. cxd5 cxd5 13. Qd4 Be7 14. Bxf6 Bxf6 15. Qxd5 Bxb2 16. Qxe4+ Be6 17. Qa4+ Bd7 18. Rxd7 Qxd7 19. Bc6 0-0 20. Bxd7 Bxa1 21. Nd2 g6 22. Nf3 Rab8 23. Bc6 Rb6 24. Bd5 a6 25. Kg2 Rd6 26. e4 Rb8 27. Qd1 1-0

[Event "EU-ch Amateur Online 1400/1700"]
[Site "Tornelo INT"]
[Date "2021.04.17"]
[Round "7"]
[White "Bantekas, Achilleas"]
[Black "Porsoughyan, Erik"]
[Result "1-0"]
[WhiteElo "1240"]
[BlackElo "1520"]
[PlyCount "111"]
[EventDate "2021.04.17"]
[EventType "swiss (rapid)"]
[EventRounds "8"]
[EventCountry "NET"]
[SourceTitle "EXT 2023"]
[Source "ChessBase"]
[SourceDate "2022.10.05"]
[SourceVersion "1"]
[SourceVersionDate "2022.10.05"]
[SourceQuality "1"]

1. e4 e6 2. d4 d5 3. Bd3 c5 4. exd5 exd5 5. Nf3 c4 6. Be2 Nf6 7. 0-0 Bd6 8. Nc3 h6 9. Nb5 Be7 10. Bf4 Na6 11. Re1 0-0 12. b3 Be6 13. bxc4 dxc4 14. c3 Nd5 15. Bg3 Nb6 16. a4 Bd7 17. Ne5 Bxb5 18. axb5 Nc7 19. Nxc4 Nxb5 20. Nxb6 Nxc3 21. Qc2 Nxe2+ 22. Qxe2 Qxb6 23. Qxe7 Qxd4 24. Qxb7 Rae8 25. Red1 Qc3 26. Bd6 Rd8 27. Bxf8 Rxf8 28. Qxa7 Kh7 29. h3 Re8 30. Qxf7 Re5 31. Ra7 Rg5 32. Rd8 Qe1+ 33. Kh2 Qe5+ 34. g3 Rf5 35. Qg8+ Kg6 36. Qe8+ Qxe8 37. Rxe8 Rxf2+ 38. Kg1 Rb2 39. Ree7 Rb3 40. Rxg7+ Kf6 41. Rgb7 Rxg3+ 42. Kh2 Rc3 43. Rb6+ Kg5 44. Ra5+ Kf4 45. Ra4+ Kf3 46. Rb2 h5 47. Ra5 h4 48. Ra4 Ke3 49. Rxh4 Kf3 50. Rg4 Rc2+ 51. Rxc2 Ke3 52. Rc3+ Kd2 53. Rgg3 Ke2 54. Rc2+ Kd1 55. Rgg2 Ke1 56. Rg1# 1-0